|
|
|
|
| LEADER |
00000nam0a2200000 4500 |
| 001 |
375725 |
| 005 |
20231102012747.0 |
| 035 |
|
|
|a (RuTPU)RU\TPU\retro\33164
|
| 035 |
|
|
|a RU\TPU\book\280481
|
| 090 |
|
|
|a 375725
|
| 100 |
|
|
|a 20221221d1941 k y0rusy50 ca
|
| 101 |
1 |
|
|a rus
|c eng
|
| 102 |
|
|
|a RU
|
| 105 |
|
|
|a a z 001zy
|
| 200 |
1 |
|
|a Современная термодинамика изложенная по методу У. Гиббса
|e пер. с англ.
|f Э. А. Гуггенгейм
|
| 210 |
|
|
|a Москва
|a Ленинград
|c Госхимиздат
|d 1941
|
| 215 |
|
|
|a 188 с.
|c ил.
|
| 320 |
|
|
|a Имен. указ.: с. 181.
|
| 320 |
|
|
|a Предметный указатель: с. 181-188.
|
| 606 |
1 |
|
|a Термодинамика
|2 stltpush
|3 (RuTPU)RU\TPU\subj\59922
|9 77416
|
| 610 |
1 |
|
|a основные законы
|
| 610 |
1 |
|
|a системы
|
| 610 |
1 |
|
|a газовые смеси
|
| 610 |
1 |
|
|a идеальные растворы
|
| 610 |
1 |
|
|a неидеальные растворы
|
| 610 |
1 |
|
|a электрохимические системы
|
| 610 |
1 |
|
|a гравитационное поле
|
| 610 |
1 |
|
|a излучение
|
| 675 |
|
|
|a 536
|v 3
|
| 700 |
|
1 |
|a Гуггенгейм
|b Э. А.
|
| 801 |
|
1 |
|a RU
|b 63413507
|c 20140418
|
| 801 |
|
2 |
|a RU
|b 63413507
|c 20221221
|g RCR
|
| 942 |
|
|
|c BK
|